| 000 | 00588nam a2200193 4500 | ||
|---|---|---|---|
| 005 | 20241022153105.0 | ||
| 010 | _aENG-142263 | ||
| 020 |
_c80.00 _a8185273545 |
||
| 035 | _aEN-125797 | ||
| 037 | _bDBAD | ||
| 082 | _a133.5 | ||
| 100 |
_aRaman, B. V. _973166 |
||
| 245 |
_aHindu Predictive Astrology/ _bB. V. Raman |
||
| 250 | _aFirst | ||
| 260 |
_bUBS Publishers' Distributors Pvt. Ltd. _aNew Delhi _c2004 |
||
| 270 |
_a5 Ansari Road _bNew Delhi _e110002 _mubspd@ubspd.com _k01123273601 _k2326646 |
||
| 300 |
_a292p. _c18cm(pb) |
||
| 942 |
_2ddc _cEN _h133.5 _mRAM _e2004 |
||
| 999 |
_c206573 _d206573 |
||